Place development in a relational world (Record no. 78044)
[ view plain ]
| 000 -LEADER | |
|---|---|
| fixed length control field | 00672cab a2200181 4500 |
| 001 - CONTROL NUMBER | |
| control field | L135854 |
| 008 - FIXED-LENGTH DATA ELEMENTS--GENERAL INFORMATION | |
| fixed length control field | 061213n2006 000 0 eng u |
| 035 ## - SYSTEM CONTROL NUMBER | |
| System control number | (Sirsi) u135854 |
| 041 0# - LANGUAGE CODE | |
| Language code of text/sound track or separate title | eng |
| 100 1# - MAIN ENTRY--PERSONAL NAME | |
| Personal name | Healey, Patsy |
| 245 00 - TITLE STATEMENT | |
| Title | Place development in a relational world |
| 260 ## - PUBLICATION, DISTRIBUTION, ETC. | |
| Date of publication, distribution, etc. | 2006 |
| 490 #0 - SERIES STATEMENT | |
| Series statement | Town & Country Planning |
| Volume/sequential designation | 75(11) November 2006, 318-321 (4) |
| 520 ## - SUMMARY, ETC. | |
| Summary, etc. | Looks at strategy-making for cities and regions arguing that there needs to be more of a focus on place, bringing into the foreground the flows and complex intersections of daily life experience. |
| 651 #4 - SUBJECT ADDED ENTRY--GEOGRAPHIC NAME | |
| Geographic name | United Kingdom |
| Chronological subdivision | |
| 690 ## - LOCAL SUBJECT ADDED ENTRY--TOPICAL TERM (OCLC, RLIN) | |
| Topical term or geographic name as entry element | Planning and development |
| 9 (RLIN) | 6259 |
| 942 ## - ADDED ENTRY ELEMENTS (KOHA) | |
| Suppress in OPAC | 0 |
| Withdrawn status | Lost status | Source of classification or shelving scheme | Damaged status | Not for loan | Home library | Current library | Shelving location | Date acquired | Total Checkouts | Full call number | Barcode | Date last seen | Copy number | Price effective from | Koha item type |
|---|---|---|---|---|---|---|---|---|---|---|---|---|---|---|---|
| Dewey Decimal Classification | London | London | Journal article | 13/12/2006 | L135854 | 135854-1001 | 06/08/2019 | 1 | 06/08/2019 | Journal article |